00535nam a2200121Ia 45000010005000000080041000050820030000461000087000762450160001632600048003239010027003719990015003983109241024s9999 xx 000 0 und d aRD/370.97293/R426a/3/2012 aRepública Dominicana. Ministerio de Educación. Consejo Nacional de Educación 0aActa de la 3era. sesiòn ordinaria del 8 de agosto del 2012. Asunto : Avances en la revisiòn currìcular - informe de gestión marzo 2011 -agosto 2012 bSanto Domingo, República Dominicanac2012 a5/8/2013 11:37:35 a.m. c9111d9111